Tematické plánovanie a riadenie VZH v 7. päťročnici dodatok k zborníku

Na minha lista:
Detalhes bibliográficos
Formato: Livro
Idioma:eslovaco
Publicado em: Žilina Dom techniky ČSVTS 1981
Tags: Adicionar Tag
Sem tags, seja o primeiro a adicionar uma tag!

MARC

LEADER 00000nam a2200000 4500
001 c125937
005 20181203150416.9
041 0 |a slo 
044 |a SK 
245 1 0 |a Tematické plánovanie a riadenie VZH v 7. päťročnici  |b dodatok k zborníku 
264 1 |a Žilina  |b Dom techniky ČSVTS  |c 1981 
300 |a 49 s.